|
|
|
|
| LEADER |
00000naa2a2200000 4500 |
| 001 |
49003 |
| 005 |
20231220161006.0 |
| 035 |
|
|
|a (RuTPU)RU\TPU\book\51323
|
| 035 |
|
|
|a RU\TPU\tpu\9390
|
| 090 |
|
|
|a 49003
|
| 100 |
|
|
|a 20030324d2001 k y0rusy50 ca
|
| 101 |
0 |
|
|a rus
|
| 102 |
|
|
|a RU
|
| 200 |
1 |
|
|a Интеллектуальная собственность - экономическая и правовая основа инновационного процесса
|f Г. А. Барышева
|
| 463 |
|
1 |
|0 (RuTPU)RU\TPU\book\69945
|t Проблемы управления рыночной экономикой
|o межкафедральный сборник научных трудов
|f Томский политехнический университет ; под ред. И. Е. Никулиной, О. Б. Кузнецовой, Т. Р. Рахимова
|h Вып. 3
|v С. 140-149
|d 2001
|p 345 с.
|
| 610 |
1 |
|
|a труды учёных ТПУ
|
| 686 |
|
|
|a У9(2) 212
|2 rubbk
|
| 686 |
|
|
|a У011.313
|2 rubbk
|
| 700 |
|
1 |
|a Барышева
|b Г. А.
|c экономист
|c профессор Томского политехнического университета, доктор экономических наук
|f 1961-
|g Галина Анзельмовна
|3 (RuTPU)RU\TPU\pers\25765
|9 11658
|
| 801 |
|
1 |
|a RU
|b 63413507
|c 20020917
|g PSBO
|
| 801 |
|
2 |
|a RU
|b 63413507
|c 20130205
|g PSBO
|
| 942 |
|
|
|c BK
|